[Event "Ayvalik Begonvil"]
[Site "Ayvalik"]
[Date "2023.05.01"]
[Round "2.3"]
[White "Haznedaroglu, Kivanc"]
[Black "Isik, Alparslan"]
[Result "1/2-1/2"]
[WhiteElo "2418"]
[BlackElo "2436"]
[PlyCount "139"]
[EventDate "2023.04.30"]
[EventType "schev"]
[EventRounds "9"]
[EventCountry "TUR"]
[SourceTitle "CBM 214 Extra"]
[Source "ChessBase"]
[SourceDate "2023.07.31"]
[SourceVersion "1"]
[SourceVersionDate "2023.07.31"]
[SourceQuality "1"]
[WhiteTeam "Team B"]
[BlackTeam "Team D"]
[WhiteTeamCountry "TUN"]
[BlackTeamCountry "TUR"]

1. e4 e5 2. Nf3 Nc6 3. Bb5 a6 4. Ba4 b5 5. Bb3 Na5 6. 0-0 d6 7. d4 exd4 8. Nxd4 Bb7 9. c3 c5 10. Nf5 g6 11. Ne3 Nxb3 12. axb3 Nf6 13. Nd5 Bg7 14. Bg5 h6 15. Bxf6 Bxf6 16. Qd2 Bg7 17. Na3 0-0 18. Nc2 f5 19. exf5 Rxf5 20. Nce3 Rf7 21. Qd3 g5 22. Rad1 Qf8 23. Qg6 Re8 24. f4 gxf4 25. Ng4 Kh8 26. Nxf4 Bc8 27. Nh5 Ree7 28. Nxg7 Qxg7 29. Qxh6+ Qxh6 30. Nxh6 Rxf1+ 31. Rxf1 Kg7 32. Nf5+ Bxf5 33. Rxf5 Re2 34. b4 Rxb2 35. bxc5 dxc5 36. Rxc5 a5 37. h4 a4 38. Kh2 a3 39. Kh3 Kf6 40. g3 Rb1 41. Rc6+ Kf5 42. Ra6 Rh1+ 43. Kg2 Rb1 44. Rxa3 Kg4 45. Ra2 b4 46. Rf2 bxc3 47. Rf4+ Kh5 48. Rf5+ Kh6 49. Rc5 Rb2+ 50. Kh3 c2 51. Rc6+ Kg7 52. h5 Kf7 53. Kh4 Ra2 54. g4 Rb2 55. Rc7+ Kf6 56. Rc5 Kg7 57. Rc8 Ra2 58. Rc6 Kf7 59. g5 Ra4+ 60. Kg3 Ra3+ 61. Kg4 Ra4+ 62. Kf3 Ra3+ 63. Ke4 Ra4+ 64. Kd3 Rh4 65. h6 Rg4 66. Rc7+ Kg8 67. Rg7+ Kh8 68. Kxc2 Rc4+ 69. Kd3 Rd4+ 70. Kxd4 1/2-1/2

[Event "Ayvalik Yasemin"]
[Site "Ayvalik"]
[Date "2023.04.27"]
[Round "9"]
[White "Hakemi, Arman"]
[Black "Isik, Alparslan"]
[Result "1/2-1/2"]
[WhiteElo "2419"]
[BlackElo "2436"]
[PlyCount "87"]
[EventDate "2023.04.22"]
[EventType "schev"]
[EventRounds "9"]
[EventCountry "TUR"]
[SourceTitle "CBM 213 Extra"]
[Source "ChessBase"]
[SourceDate "2023.05.31"]
[SourceVersion "1"]
[SourceVersionDate "2023.05.31"]
[SourceQuality "1"]
[WhiteTeam "Team D"]
[BlackTeam "Team A"]
[WhiteTeamCountry "IRI"]
[BlackTeamCountry "TUR"]

1. d4 Nf6 2. Nf3 d5 3. g3 e6 4. Bg2 Be7 5. 0-0 0-0 6. c4 c6 7. Qc2 b6 8. Nbd2 Bb7 9. e4 Na6 10. e5 Nd7 11. cxd5 Nb4 12. Qb3 Nxd5 13. Ne4 c5 14. dxc5 Nxc5 15. Nxc5 Bxc5 16. Ng5 h6 17. Ne4 Qc7 18. Nxc5 Qxc5 19. Qa4 Rfc8 20. Qg4 Qc4 21. Qxc4 Rxc4 22. Bd2 Rd4 23. Rfd1 Rc8 24. Bxd5 Bxd5 25. Bc3 Rxd1+ 26. Rxd1 Bxa2 27. Ra1 Bd5 28. Rxa7 b5 29. Ra1 Rc4 30. Rc1 b4 31. Bd2 Rd4 32. Be1 Kh7 33. Kf1 Kg6 34. Ke2 Kf5 35. f3 Bc4+ 36. Kf2 b3 37. Bc3 Rd3 38. Re1 g5 39. Re3 Rd7 40. Re4 Bd5 41. Ra4 Bc6 42. Ra6 Bb7 43. g4+ Kg6 44. Ra7 1/2-1/2